| 000 | 00586nam a2200193 i 4500 | ||
|---|---|---|---|
| 001 | 96712 | ||
| 003 | ES-MaACL | ||
| 007 | t| | ||
| 008 | 050630s1975 sp ||||1| spa d | ||
| 100 | 1 |
_aMalliavin, Paul. _975812 |
|
| 245 | 1 | 0 |
_aGeometría diferencial intrínseca / _cPaul Malliavin; [traducción por Angel Butron Ruiz]. |
| 260 |
_aMadrid : _bTecnos, _c1975. |
||
| 300 |
_a295 p. ; _c24 cm. |
||
| 490 | 1 | _aSerie de matemática | |
| 700 | 1 |
_aButron Ruiz, Angel. _932956 |
|
| 830 | 0 |
_aSerie de matemática _9182873 |
|
| 852 |
_aES-MaACL _jE-7822 _bR.92271 |
||
| 999 |
_c96712 _d96712 |
||